[Event "Bruges op-A"]
[Site "Bruges"]
[Date "2022.08.14"]
[Round "2"]
[White "Hummel, Joop"]
[Black "Moreby, James"]
[Result "0-1"]
[WhiteElo "1998"]
[BlackElo "2300"]
[PlyCount "68"]
[EventDate "2022.08.13"]
[EventType "swiss"]
[EventRounds "9"]
[EventCountry "BEL"]
[SourceTitle "CBM 209 Extra"]
[Source "ChessBase"]
[SourceDate "2022.09.30"]
[SourceVersion "1"]
[SourceVersionDate "2022.09.30"]
[SourceQuality "1"]

1. d4 d5 2. Nf3 c6 3. c4 e6 4. Nc3 dxc4 5. e3 b5 6. Ne5 Bb7 7. Be2 Nf6 8. 0-0 a6 9. Qc2 Nbd7 10. f4 Be7 11. Bf3 Qb6 12. b3 cxb3 13. Qxb3 0-0 14. a4 Rab8 15. Bd2 c5 16. axb5 cxd4 17. Nc4 Nc5 18. Qa2 Qd8 19. exd4 Qxd4+ 20. Kh1 Bxf3 21. Rxf3 axb5 22. Ne5 Qd6 23. Be3 b4 24. Rd1 Qc7 25. Ne2 Rfd8 26. Rc1 Nfe4 27. Qc2 Qb7 28. Nd4 Rdc8 29. Rb1 Qd5 30. Rh3 f5 31. Qe2 g6 32. Nxf5 exf5 33. Rd1 Nc3 34. Rxd5 Nxe2 0-1

[Event "Wachtebeke-B"]
[Site "Wachtebeke"]
[Date "2019.03.03"]
[Round "3"]
[White "Dauw, Sterre"]
[Black "Hummel, Joop"]
[Result "1-0"]
[WhiteElo "2153"]
[BlackElo "2009"]
[PlyCount "47"]
[EventDate "2019.03.02"]
[EventType "tourn"]
[EventRounds "9"]
[EventCountry "BEL"]
[SourceTitle "CBM 189 Extra"]
[Source "ChessBase"]
[SourceDate "2019.06.03"]
[SourceVersion "1"]
[SourceVersionDate "2019.06.03"]
[SourceQuality "1"]

1. d4 Nf6 2. Nf3 g6 3. g3 Bg7 4. Bg2 0-0 5. 0-0 d6 6. b3 c5 7. Bb2 cxd4 8. Nxd4 Na6 9. c4 Nc5 10. Nc3 a6 11. Qd2 Qc7 12. Rac1 e5 13. Nc2 Bf5 14. Rfd1 Rad8 15. Nb4 Nce4 16. Nxe4 Nxe4 17. Nd5 Qd7 18. Qe3 Nf6 19. Ba3 Ng4 20. Qb6 e4 21. Bxd6 Rfe8 22. Bc5 Re6 23. Qa5 Kh8 24. Ne3 1-0

[Event "Wachtebeke-B"]
[Site "Wachtebeke"]
[Date "2019.03.02"]
[Round "1"]
[White "De Waele, Warre"]
[Black "Hummel, Joop"]
[Result "1-0"]
[WhiteElo "2211"]
[BlackElo "2009"]
[PlyCount "57"]
[EventDate "2019.03.02"]
[EventType "tourn"]
[EventRounds "9"]
[EventCountry "BEL"]
[SourceTitle "CBM 189 Extra"]
[Source "ChessBase"]
[SourceDate "2019.06.03"]
[SourceVersion "1"]
[SourceVersionDate "2019.06.03"]
[SourceQuality "1"]

1. d4 d5 2. c4 e6 3. Nf3 Nf6 4. g3 dxc4 5. Bg2 c5 6. 0-0 Nc6 7. Qa4 cxd4 8. Nxd4 Qxd4 9. Bxc6+ Bd7 10. Rd1 Qxd1+ 11. Qxd1 Bxc6 12. Nd2 h5 13. h4 g5 14. hxg5 Ng4 15. e3 0-0-0 16. Qe2 Ne5 17. f4 Ng6 18. Nxc4 h4 19. g4 h3 20. Kh2 Be4 21. b3 Bg7 22. Bb2 Bxb2 23. Qxb2 Rd7 24. Rc1 Bc6 25. f5 exf5 26. gxf5 Rh5 27. fxg6 Rxg5 28. gxf7 Rd8 29. Qf6 1-0

[Event "Hoogeveen Unive op 20th"]
[Site "Hoogeveen"]
[Date "2016.10.18"]
[Round "4"]
[White "Hummel, Joop"]
[Black "Keetman, Maaike"]
[Result "0-1"]
[WhiteElo "2007"]
[BlackElo "2174"]
[PlyCount "86"]
[EventDate "2016.10.15"]
[EventType "swiss"]
[EventRounds "9"]
[EventCountry "NED"]
[SourceTitle "EXT 2017"]
[Source "ChessBase"]
[SourceDate "2016.10.25"]
[SourceVersion "1"]
[SourceVersionDate "2016.10.25"]
[SourceQuality "1"]

1. Nf3 Nf6 2. c4 g6 3. Nc3 Bg7 4. g3 0-0 5. Bg2 c5 6. 0-0 d6 7. d4 Nc6 8. d5 Na5 9. Nd2 a6 10. Rb1 Rb8 11. Qc2 b5 12. cxb5 axb5 13. b4 cxb4 14. Rxb4 Bf5 15. e4 Bd7 16. Qb1 Ng4 17. Nxb5 Qb6 18. a4 Bc3 19. Nc4 Qc5 20. Nxa5 Bxb4 21. Nc6 Bxc6 22. dxc6 Nxf2 23. h3 Nd1+ 24. Kh2 Nc3 25. Qb3 Nxb5 26. axb5 Rxb5 27. c7 Bc3 28. Qa4 Rb7 29. Bh6 Rc8 30. e5 Rbxc7 31. e6 fxe6 32. Qg4 Qc4 33. Rf4 Qa2 34. h4 Be5 35. Ra4 Qb3 36. Kh3 Rc3 37. Bf4 Qxa4 38. Qxe6+ Kf8 39. Bd5 Ke8 40. Qg8+ Kd7 41. Qe6+ Kc7 42. Bxe5 dxe5 43. Qxe5+ Kb6 0-1

[Event "Hoogeveen Unive op 19th"]
[Site "Hoogeveen"]
[Date "2015.10.23"]
[Round "8"]
[White "Hummel, Joop"]
[Black "Munnik, Talitha"]
[Result "0-1"]
[WhiteElo "1990"]
[BlackElo "2037"]
[PlyCount "112"]
[EventDate "2015.10.17"]
[EventType "swiss"]
[EventRounds "9"]
[EventCountry "NED"]
[SourceTitle "EXT 2017"]
[Source "ChessBase"]
[SourceDate "2016.10.25"]
[SourceVersion "1"]
[SourceVersionDate "2016.10.25"]
[SourceQuality "1"]

1. d4 d5 2. c4 e6 3. Nf3 Nf6 4. g3 Be7 5. Bg2 0-0 6. b3 c5 7. cxd5 exd5 8. 0-0 Nc6 9. Bb2 Be6 10. Nc3 a6 11. Rc1 Qa5 12. dxc5 Bxc5 13. a3 Ba7 14. b4 Qd8 15. Qd3 h6 16. Rfd1 Qe7 17. Nh4 Rfd8 18. Na4 Bg4 19. Bxf6 Qxf6 20. Nc5 Ne5 21. Qd4 g5 22. Nf3 Nxf3+ 23. exf3 Qxd4 24. Rxd4 Be6 25. f4 Rac8 26. fxg5 b6 27. Nb3 Rxc1+ 28. Nxc1 hxg5 29. Nb3 Bb8 30. Rd3 Be5 31. Nd4 Bxd4 32. Rxd4 Kf8 33. Kf1 Ke7 34. Ke2 Kd6 35. h4 Ke5 36. Ke3 gxh4 37. f4+ Kf5 38. Bh3+ Kg6 39. g4 f5 40. g5 Rc8 41. Rd3 Kf7 42. Bg2 Ke7 43. Bxd5 Bxd5 44. Rxd5 Rc3+ 45. Kd4 Rxa3 46. Rxf5 Rb3 47. Kc4 Rg3 48. Rf6 Rg4 49. Kd5 h3 50. Ke5 Rh4 51. Rxb6 h2 52. Rb7+ Ke8 53. Ke6 Kf8 54. f5 h1Q 55. Rb8+ Kg7 56. f6+ Kh7 0-1

[Event "Hoogeveen Unive op 19th"]
[Site "Hoogeveen"]
[Date "2015.10.22"]
[Round "7"]
[White "Vogel, Jaap"]
[Black "Hummel, Joop"]
[Result "1/2-1/2"]
[WhiteElo "2175"]
[BlackElo "1990"]
[PlyCount "61"]
[EventDate "2015.10.17"]
[EventType "swiss"]
[EventRounds "9"]
[EventCountry "NED"]
[SourceTitle "EXT 2017"]
[Source "ChessBase"]
[SourceDate "2016.10.25"]
[SourceVersion "1"]
[SourceVersionDate "2016.10.25"]
[SourceQuality "1"]

1. d4 d5 2. Nf3 e6 3. c4 c5 4. cxd5 exd5 5. g3 Nc6 6. Bg2 Nf6 7. 0-0 Be7 8. dxc5 Bxc5 9. b3 0-0 10. Bb2 Bg4 11. Nc3 Rc8 12. Rc1 b6 13. a3 Re8 14. b4 Bf8 15. Re1 Qd7 16. Qa4 d4 17. Nb1 d3 18. b5 Na5 19. exd3 Rxc1 20. Rxc1 Qxd3 21. Ne5 Qe2 22. Nxg4 Qxb2 23. Nxf6+ gxf6 24. Qg4+ Kh8 25. Rd1 Qxb5 26. Be4 Qe5 27. Bc2 Bc5 28. Qh3 Bxf2+ 29. Kg2 h5 30. Bf5 Bc5 31. Qxh5+ 1/2-1/2

[Event "Hoogeveen Unive op 18th"]
[Site "Hoogeveen"]
[Date "2014.10.15"]
[Round "5"]
[White "Mellema, Andries"]
[Black "Hummel, Joop"]
[Result "1-0"]
[WhiteElo "2136"]
[BlackElo "1975"]
[PlyCount "109"]
[EventDate "2014.10.11"]
[EventType "swiss"]
[EventRounds "9"]
[EventCountry "NED"]
[SourceTitle "EXT 2015"]
[Source "ChessBase"]
[SourceDate "2014.11.20"]
[SourceVersion "1"]
[SourceVersionDate "2014.11.20"]
[SourceQuality "1"]

1. e4 c5 2. Nf3 d6 3. d4 cxd4 4. Nxd4 Nf6 5. Nc3 a6 6. h3 e6 7. g4 d5 8. exd5 Nxd5 9. Nde2 Bc5 10. Nxd5 exd5 11. Bg2 0-0 12. Qxd5 Qb6 13. 0-0 Nc6 14. Nc3 Nb4 15. Qe4 f5 16. Qe2 fxg4 17. Na4 Qg6 18. Be4 Bf5 19. Nxc5 gxh3+ 20. Kh1 Rae8 21. f3 b6 22. Rg1 Qh5 23. Rg5 Bxe4 24. Nxe4 Qxf3+ 25. Qxf3 Rxf3 26. Rg4 Nxc2 27. Rb1 Rf1+ 28. Kh2 Ne3 29. Bxe3 Rxb1 30. Nf6+ Kf7 31. Nxe8 Kxe8 32. Bd4 g6 33. Kxh3 b5 34. Bc3 Rf1 35. Rd4 Rf7 36. Rd6 a5 37. Bxa5 Rf2 38. Bc3 b4 39. Bh8 Rf5 40. Rd2 Ra5 41. b3 Ke7 42. Bd4 Ke6 43. Bf2 Kf5 44. Kg3 h5 45. Kf3 g5 46. Rc2 g4+ 47. Kg3 Ke4 48. Bc5 Kd3 49. Bxb4 Ra8 50. Rc3+ Ke2 51. a4 Rb8 52. Bd6 Rd8 53. Bf4 Rd1 54. Rc2+ Kd3 55. Rd2+ 1-0

[Event "Hoogeveen Unive op 18th"]
[Site "Hoogeveen"]
[Date "2014.10.12"]
[Round "2"]
[White "Goossens, Hanne"]
[Black "Hummel, Joop"]
[Result "0-1"]
[WhiteElo "2187"]
[BlackElo "1975"]
[PlyCount "82"]
[EventDate "2014.10.11"]
[EventType "swiss"]
[EventRounds "9"]
[EventCountry "NED"]
[SourceTitle "EXT 2015"]
[Source "ChessBase"]
[SourceDate "2014.11.20"]
[SourceVersion "1"]
[SourceVersionDate "2014.11.20"]
[SourceQuality "1"]

1. e4 c5 2. Nf3 d6 3. d4 cxd4 4. Nxd4 Nf6 5. Nc3 a6 6. Bc4 e6 7. 0-0 Be7 8. a4 Bd7 9. a5 Nc6 10. Nb3 Ne5 11. Be2 Bc6 12. f4 Ng6 13. Bd3 Qc7 14. Be3 Rc8 15. Nd4 Bd7 16. Qe2 0-0 17. h3 e5 18. Nf5 Bxf5 19. exf5 Nxf4 20. Bxf4 exf4 21. Rxf4 d5 22. Qf3 Rfe8 23. Rfa4 Bc5+ 24. Kh1 Re3 25. Qf4 Qe7 26. Qf1 Qe5 27. Qf4 Qe7 28. Qh4 Bd6 29. Rf1 Qe5 30. Raf4 Re8 31. Ne2 Rxe2 32. Bxe2 Qxe2 33. R4f2 Qe5 34. g4 Qe4+ 35. Rf3 Qxc2 36. R3f2 Qe4+ 37. Rg2 d4 38. Qf2 Nd5 39. f6 Ne3 40. Re1 Re6 41. g5 Qxg2+ 0-1

[Event "Groningen op-A 51st"]
[Site "Groningen"]
[Date "2013.12.30"]
[Round "9"]
[White "Hummel, Joop"]
[Black "Den Hartog, Marijn"]
[Result "0-1"]
[WhiteElo "2006"]
[BlackElo "2025"]
[PlyCount "88"]
[EventDate "2013.12.21"]
[EventType "swiss"]
[EventRounds "9"]
[EventCountry "NED"]
[SourceTitle "CBM 158 Extra"]
[Source "ChessBase"]
[SourceDate "2014.02.28"]
[SourceVersion "1"]
[SourceVersionDate "2014.02.28"]
[SourceQuality "1"]

1. Nf3 Nf6 2. d4 g6 3. c4 Bg7 4. g3 0-0 5. Bg2 d6 6. 0-0 c6 7. Nc3 Qa5 8. d5 cxd5 9. cxd5 b5 10. b4 Qxb4 11. Bd2 Bd7 12. Rb1 Qc5 13. e4 Ng4 14. Qb3 a6 15. a4 bxa4 16. Qb7 Qa7 17. Qb4 Bb5 18. Nxb5 axb5 19. h3 Ne5 20. Nxe5 Bxe5 21. Be3 Qa5 22. Qa3 Na6 23. Rfd1 b4 24. Bd2 bxa3 25. Bxa5 a2 26. Ra1 Bxa1 27. Rxa1 Nc5 28. Bc3 Rfb8 29. Rxa2 a3 30. e5 Ra4 31. exd6 exd6 32. h4 f5 33. h5 Rb3 34. Ba1 Rb1+ 35. Bf1 Nb3 36. Bc3 Nc1 37. Rc2 a2 38. h6 a1Q 39. Bxa1 Raxa1 40. Rc8+ Kf7 41. Rc7+ Kf6 42. Kg2 Nb3 43. Bd3 Rg1+ 44. Kf3 Rae1 0-1

[Event "Groningen op-A 51st"]
[Site "Groningen"]
[Date "2013.12.24"]
[Round "4"]
[White "Khelaia, Giorgi"]
[Black "Hummel, Joop"]
[Result "1-0"]
[WhiteElo "2110"]
[BlackElo "2006"]
[PlyCount "77"]
[EventDate "2013.12.21"]
[EventType "swiss"]
[EventRounds "9"]
[EventCountry "NED"]
[SourceTitle "CBM 158 Extra"]
[Source "ChessBase"]
[SourceDate "2014.02.28"]
[SourceVersion "1"]
[SourceVersionDate "2014.02.28"]
[SourceQuality "1"]

1. c4 e6 2. Nc3 d5 3. d4 c6 4. Nf3 Nf6 5. Bg5 dxc4 6. e4 b5 7. e5 h6 8. Bh4 g5 9. Nxg5 Nd5 10. Nxf7 Qxh4 11. Nxh8 Bb4 12. Qd2 c5 13. dxc5 Nd7 14. 0-0-0 Nxe5 15. f4 Bxc3 16. bxc3 Qxf4 17. Qxf4 Nxf4 18. Rd4 Nfd3+ 19. Bxd3 Nxd3+ 20. Kd2 e5 21. Rd6 Nxc5 22. Re1 Ke7 23. Rxh6 Nd3 24. Re3 Be6 25. Rh7+ Kd6 26. Nf7+ Bxf7 27. Rxf7 Ke6 28. Rb7 Rg8 29. g3 Rf8 30. Rxb5 Rf2+ 31. Re2 Rf7 32. a4 Rd7 33. Kc2 Rc7 34. a5 Nc5 35. g4 e4 36. Rxc5 Rxc5 37. Rxe4+ Kf6 38. h4 Rxa5 39. Rxc4 1-0

[Event "Groningen op-A 51st"]
[Site "Groningen"]
[Date "2013.12.21"]
[Round "1"]
[White "Hummel, Joop"]
[Black "Beukema, Stefan"]
[Result "0-1"]
[WhiteElo "2006"]
[BlackElo "2280"]
[PlyCount "44"]
[EventDate "2013.12.21"]
[EventType "swiss"]
[EventRounds "9"]
[EventCountry "NED"]
[SourceTitle "CBM 158 Extra"]
[Source "ChessBase"]
[SourceDate "2014.02.28"]
[SourceVersion "1"]
[SourceVersionDate "2014.02.28"]
[SourceQuality "1"]

1. Nf3 f5 2. e4 fxe4 3. Ng5 e5 4. Nxe4 Nc6 5. Bb5 Nf6 6. Nbc3 Nd4 7. 0-0 c6 8. Nxf6+ Qxf6 9. Ne4 Qg6 10. Bd3 d5 11. Ng3 e4 12. Re1 Be7 13. Nxe4 dxe4 14. Rxe4 Qf6 15. c3 Nf5 16. Qb3 Nd6 17. Re3 Bg4 18. Bc4 Rf8 19. f3 0-0-0 20. d4 Nxc4 21. Qxc4 Bd6 22. Re1 Bxh2+ 0-1

[Event "Groningen op-A 48th"]
[Site "Groningen"]
[Date "2011.12.26"]
[Round "5"]
[White "Hummel, Joop"]
[Black "Kappus, Stephan"]
[Result "0-1"]
[WhiteElo "2030"]
[BlackElo "2093"]
[PlyCount "66"]
[EventDate "2011.12.21"]
[EventType "swiss"]
[EventRounds "9"]
[EventCountry "NED"]
[SourceTitle "CBM 146 Extra"]
[Source "ChessBase"]
[SourceDate "2012.02.29"]
[SourceVersion "1"]
[SourceVersionDate "2012.02.29"]
[SourceQuality "1"]

1. d4 Nf6 2. c4 e6 3. Nf3 b6 4. e3 Bb7 5. Bd3 Be7 6. 0-0 0-0 7. b3 d6 8. Nc3 Nbd7 9. Bb2 c5 10. Qe2 a6 11. Rad1 Qc7 12. e4 cxd4 13. Nxd4 Rfd8 14. Kh1 Qc5 15. Na4 Qh5 16. Qxh5 Nxh5 17. f4 Rab8 18. f5 e5 19. Ne2 Nhf6 20. Nec3 Bc6 21. Bc1 b5 22. Nb2 Nc5 23. cxb5 axb5 24. Nd5 Bxd5 25. exd5 Nxd5 26. Bxb5 Nc3 27. Bc4 Nxd1 28. Rxd1 Ne4 29. Re1 Nc3 30. a4 d5 31. Bd2 Ne4 32. Rxe4 dxe4 33. Be3 Ba3 0-1

[Event "Hoogeveen Unive op 15th"]
[Site "Hoogeveen"]
[Date "2011.10.21"]
[Round "8"]
[White "Hummel, Joop"]
[Black "Lorscheid, Gerhard"]
[Result "0-1"]
[WhiteElo "2004"]
[BlackElo "2277"]
[PlyCount "58"]
[EventDate "2011.10.14"]
[EventType "swiss"]
[EventRounds "9"]
[EventCountry "NED"]
[SourceTitle "CBM 144 Extra"]
[Source "ChessBase"]
[SourceDate "2011.10.28"]
[SourceVersion "1"]
[SourceVersionDate "2011.10.28"]
[SourceQuality "1"]

1. e4 d6 2. d4 Nf6 3. Nc3 Nbd7 4. Nf3 e5 5. Bc4 Be7 6. 0-0 0-0 7. a4 c6 8. Ba2 a5 9. Qe2 exd4 10. Nxd4 Nc5 11. h3 Qb6 12. Nb3 Na6 13. Be3 Qc7 14. Nd4 Nb4 15. Bb3 Bd7 16. f4 Rae8 17. Qf3 c5 18. Ndb5 Qb8 19. Rf2 Bc6 20. Nd5 Nxe4 21. Qxe4 Bh4 22. Qf5 Bxd5 23. Re2 Bxb3 24. cxb3 Re6 25. Qg4 Qd8 26. Rd1 Rfe8 27. Nxd6 Rxe3 28. Rxe3 Rxe3 29. Nf5 Qxd1+ 0-1

[Event "Hoogeveen Unive op 15th"]
[Site "Hoogeveen"]
[Date "2011.10.17"]
[Round "4"]
[White "Hummel, Joop"]
[Black "Donchenko, Alexander"]
[Result "0-1"]
[WhiteElo "2004"]
[BlackElo "2304"]
[PlyCount "58"]
[EventDate "2011.10.14"]
[EventType "swiss"]
[EventRounds "9"]
[EventCountry "NED"]
[SourceTitle "CBM 144 Extra"]
[Source "ChessBase"]
[SourceDate "2011.10.28"]
[SourceVersion "1"]
[SourceVersionDate "2011.10.28"]
[SourceQuality "1"]

1. d4 d5 2. c4 dxc4 3. Nf3 a6 4. g3 b5 5. Bg2 Bb7 6. 0-0 Nf6 7. a4 e6 8. b3 cxb3 9. Qxb3 Bd5 10. Qc2 Be7 11. axb5 axb5 12. Rxa8 Bxa8 13. Nc3 c6 14. Bb2 0-0 15. Ne5 Qb6 16. e3 Nfd7 17. Nd3 Na6 18. Qb3 c5 19. dxc5 Naxc5 20. Nxc5 Nxc5 21. Qd1 Bxg2 22. Kxg2 Bf6 23. Qb1 h6 24. Ne2 Bxb2 25. Qxb2 b4 26. Rd1 b3 27. Rd4 Na4 28. Qb1 Qc6+ 29. f3 Rb8 0-1

[Event "Hoogeveen Unive op 15th"]
[Site "Hoogeveen"]
[Date "2011.10.14"]
[Round "1"]
[White "Nakar, Eylon"]
[Black "Hummel, Joop"]
[Result "1-0"]
[WhiteElo "2268"]
[BlackElo "2004"]
[PlyCount "81"]
[EventDate "2011.10.14"]
[EventType "swiss"]
[EventRounds "9"]
[EventCountry "NED"]
[SourceTitle "CBM 144 Extra"]
[Source "ChessBase"]
[SourceDate "2011.10.28"]
[SourceVersion "1"]
[SourceVersionDate "2011.10.28"]
[SourceQuality "1"]

1. e4 e5 2. Nf3 Nf6 3. d4 Nxe4 4. Bd3 d5 5. dxe5 Nc5 6. Be2 Nc6 7. Bg5 Be7 8. Bxe7 Qxe7 9. Nc3 Be6 10. Bb5 0-0 11. 0-0 Rad8 12. Bxc6 bxc6 13. Nd4 Bd7 14. Re1 Ne6 15. Qd2 Qb4 16. Nxe6 fxe6 17. a3 Qg4 18. Qe3 d4 19. Qe2 Qxe2 20. Nxe2 c5 21. Rad1 Bb5 22. Nc1 c4 23. Na2 c5 24. Rd2 Rd5 25. b4 cxb3 26. cxb3 Rf5 27. h3 Rfxe5 28. Rxe5 Rxe5 29. b4 d3 30. Nc3 c4 31. f4 Rd5 32. Kf2 Ba6 33. Nxd5 exd5 34. Ke3 c3 35. Rxd3 Bxd3 36. Kxd3 d4 37. b5 Kf7 38. f5 Ke7 39. g4 Kd6 40. g5 Ke5 41. a4 1-0

[Event "Hoogeveen Unive op"]
[Site "Hoogeveen"]
[Date "2009.10.23"]
[Round "8"]
[White "Hummel, Joop"]
[Black "Jellema, Yme Jan"]
[Result "0-1"]
[WhiteElo "2025"]
[BlackElo "2177"]
[PlyCount "62"]
[EventDate "2009.10.16"]
[EventType "swiss"]
[EventRounds "9"]
[EventCountry "NED"]
[SourceTitle "CBM 132 Extra"]
[Source "ChessBase"]
[SourceDate "2009.11.03"]
[SourceVersion "1"]
[SourceVersionDate "2009.11.03"]
[SourceQuality "1"]

1. d4 d5 2. c4 c6 3. Nf3 Nf6 4. Nc3 dxc4 5. g3 b5 6. Bg2 Bb7 7. Ne5 Nd5 8. Ne4 e6 9. 0-0 Nd7 10. b3 Nxe5 11. dxe5 c3 12. Bg5 Qc7 13. Nd6+ Bxd6 14. exd6 Qxd6 15. e4 f6 16. Bf4 e5 17. exd5 cxd5 18. Be3 Bc6 19. Qh5+ g6 20. Qh6 d4 21. Bxc6+ Qxc6 22. Qg7 0-0-0 23. Bc1 Kb8 24. f4 e4 25. f5 g5 26. Bxg5 fxg5 27. f6 d3 28. f7 Qc5+ 29. Kg2 Rhf8 30. Qxh7 d2 31. Qxe4 Qd5 0-1

[Event "Hoogeveen Unive op"]
[Site "Hoogeveen"]
[Date "2009.10.22"]
[Round "7"]
[White "Hummel, Joop"]
[Black "Lagrotteria, Salvatore"]
[Result "0-1"]
[WhiteElo "2025"]
[BlackElo "2221"]
[PlyCount "76"]
[EventDate "2009.10.16"]
[EventType "swiss"]
[EventRounds "9"]
[EventCountry "NED"]
[SourceTitle "CBM 132 Extra"]
[Source "ChessBase"]
[SourceDate "2009.11.03"]
[SourceVersion "1"]
[SourceVersionDate "2009.11.03"]
[SourceQuality "1"]

1. d4 d5 2. Nf3 Nf6 3. c4 c6 4. g3 Bf5 5. Nbd2 e6 6. Bg2 h6 7. 0-0 Nbd7 8. Re1 Be7 9. b3 0-0 10. Bb2 Qa5 11. Ne5 Bb4 12. e4 Nxe5 13. dxe5 Nxe4 14. Nxe4 Bxe1 15. Nd6 Qd2 16. Qxd2 Bxd2 17. cxd5 cxd5 18. Nxf5 exf5 19. Bxd5 Rad8 20. Bxb7 f4 21. Ba3 Rfe8 22. Bd6 Bc3 23. Rc1 Bxe5 24. Bxe5 Rxe5 25. gxf4 Re2 26. a4 Rdd2 27. Rc8+ Kh7 28. Rc7 Kg6 29. f5+ Kf6 30. Ba6 Rxf2 31. Bc4 Rg2+ 32. Kf1 Rxh2 33. Rxf7+ Ke5 34. Kg1 Rhg2+ 35. Kh1 a5 36. Ra7 Kf4 37. Re7 Kf3 38. Re1 Rh2+ 0-1

[Event "Hoogeveen Unive op"]
[Site "Hoogeveen"]
[Date "2009.10.19"]
[Round "4"]
[White "Caspi, Israel"]
[Black "Hummel, Joop"]
[Result "1-0"]
[WhiteElo "2404"]
[BlackElo "2025"]
[PlyCount "73"]
[EventDate "2009.10.16"]
[EventType "swiss"]
[EventRounds "9"]
[EventCountry "NED"]
[SourceTitle "CBM 132 Extra"]
[Source "ChessBase"]
[SourceDate "2009.11.03"]
[SourceVersion "1"]
[SourceVersionDate "2009.11.03"]
[SourceQuality "1"]

1. e4 e5 2. Nf3 Nf6 3. Nxe5 d6 4. Nf3 Nxe4 5. c4 Be7 6. d4 0-0 7. Bd3 Nf6 8. Nc3 Re8 9. 0-0 Bg4 10. h3 Bh5 11. Be3 Nc6 12. Be2 d5 13. cxd5 Nxd5 14. Qb3 Nxe3 15. fxe3 Bg6 16. Qxb7 Nb4 17. Ne5 Rb8 18. Qf3 Bf6 19. Bb5 Re7 20. a3 Bxe5 21. axb4 Bd6 22. Ra4 Re6 23. Rxa7 h6 24. Bc4 Rf6 25. Qe2 Rxf1+ 26. Qxf1 Qg5 27. Qf3 Rxb4 28. Ra8+ Kh7 29. b3 Qh4 30. Qf2 Bh2+ 31. Kf1 Bg3 32. Qf3 Bh2 33. Bxf7 Bd3+ 34. Ne2 Be4 35. Bg8+ Kg6 36. Nf4+ Kg5 37. Ra5+ 1-0

[Event "Hoogeveen Unive op"]
[Site "Hoogeveen"]
[Date "2009.10.16"]
[Round "1"]
[White "Timmermans, Ivo"]
[Black "Hummel, Joop"]
[Result "1-0"]
[WhiteElo "2237"]
[BlackElo "2025"]
[PlyCount "77"]
[EventDate "2009.10.16"]
[EventType "swiss"]
[EventRounds "9"]
[EventCountry "NED"]
[SourceTitle "CBM 132 Extra"]
[Source "ChessBase"]
[SourceDate "2009.11.03"]
[SourceVersion "1"]
[SourceVersionDate "2009.11.03"]
[SourceQuality "1"]

1. e4 e5 2. Nf3 Nf6 3. Nxe5 d6 4. Nf3 Nxe4 5. Nc3 Nf6 6. d4 Be7 7. Bf4 c6 8. Qd2 b5 9. Bd3 0-0 10. h3 Na6 11. a4 b4 12. Ne2 Nd5 13. 0-0 Nxf4 14. Nxf4 Rb8 15. Rfe1 Nc7 16. Qe2 Re8 17. Qe4 g6 18. Qxc6 Bb7 19. Qc4 Bxf3 20. gxf3 d5 21. Qb3 Bd6 22. Rxe8+ Qxe8 23. Ng2 Qe6 24. Re1 Qxh3 25. f4 Qg4 26. Be2 Qf5 27. Bd3 Qf6 28. c3 Ne6 29. Qxd5 Nxf4 30. Nxf4 Qxf4 31. Re3 Qg4+ 32. Kf1 Bh2 33. Bc4 Rf8 34. cxb4 Qd1+ 35. Kg2 Qg1+ 36. Kh3 Bb8 37. Qg2 Qd1 38. Qe4 h5 39. Qxg6+ 1-0

[Event "Groningen op-B"]
[Site "Groningen"]
[Date "2008.12.22"]
[Round "2"]
[White "Mostertman, Xander"]
[Black "Hummel, Joop"]
[Result "1-0"]
[WhiteElo "1882"]
[BlackElo "2019"]
[PlyCount "95"]
[EventDate "2008.12.21"]
[EventType "swiss"]
[EventRounds "9"]
[EventCountry "NED"]
[SourceTitle "CBM 127 Extra"]
[Source "ChessBase"]
[SourceDate "2009.01.08"]
[SourceVersion "2"]
[SourceVersionDate "2009.01.28"]
[SourceQuality "1"]

1. Nf3 Nf6 2. c4 e6 3. Nc3 d5 4. d4 c6 5. Bg5 dxc4 6. e4 b5 7. e5 h6 8. Bh4 g5 9. Nxg5 hxg5 10. Bxg5 Nbd7 11. Qf3 Qb6 12. Bxf6 Nxf6 13. Qxf6 Rh6 14. Qf4 Bb7 15. Be2 Rg6 16. Bf3 Bh6 17. Qe4 0-0-0 18. Rd1 Rd7 19. a3 Qd8 20. 0-0 c5 21. d5 a6 22. Bg4 Qg5 23. Bh3 Qf4 24. Qc2 Qxe5 25. dxe6 Qxe6 26. Bxe6 Rxg2+ 27. Kh1 fxe6 28. Ne4 Rdg7 29. Nd6+ Kc7 30. Nxb7 Bf4 31. Qh7 Rxh7 32. Kxg2 Kxb7 33. Rh1 Kc6 34. h4 b4 35. axb4 cxb4 36. Rd4 Be5 37. Rxc4+ Kb5 38. b3 Bc3 39. Re4 e5 40. Rd1 Kc5 41. Rc4+ Kb6 42. Rd6+ Kb7 43. Rg4 Bd4 44. f4 Rc7 45. fxe5 Rc2+ 46. Kf3 Bxe5 47. Rxb4+ Kc7 48. Rxa6 1-0

[Event "Groningen op-A"]
[Site "Groningen"]
[Date "2006.12.28"]
[Round "6"]
[White "Hummel, Joop"]
[Black "Mostertman, Milan"]
[Result "1/2-1/2"]
[WhiteElo "2023"]
[BlackElo "1818"]
[PlyCount "66"]
[EventDate "2006.12.23"]
[EventType "swiss"]
[EventRounds "9"]
[EventCountry "NED"]
[SourceTitle "CBM 116 Extra"]
[Source "ChessBase"]
[SourceDate "2007.03.07"]
[SourceVersion "1"]
[SourceVersionDate "2007.03.07"]
[SourceQuality "1"]

1. d4 Nf6 2. Nf3 e6 3. c4 d5 4. Nc3 Be7 5. Bg5 0-0 6. e3 b6 7. b3 Bb7 8. Bd3 c5 9. 0-0 Nc6 10. Qe2 cxd4 11. exd4 dxc4 12. Bxc4 Nxd4 13. Nxd4 Qxd4 14. Rac1 Ba3 15. Be3 Qh4 16. Rcd1 Ng4 17. Bf4 h5 18. Rd7 Bc6 19. Rc7 Qf6 20. Bd2 Rfc8 21. Rxc8+ Rxc8 22. h3 Ne5 23. Ba6 Rd8 24. Be3 Nf3+ 25. gxf3 Bxf3 26. Qc2 Qh4 27. Be2 Qxh3 28. Bxf3 Bd6 29. Rd1 Bh2+ 30. Kh1 Bg3+ 31. Kg1 Bh2+ 32. Kh1 Rxd1+ 33. Qxd1 Bg3+ 1/2-1/2